Gaming Quiz

Random Gaming or Pokémon Quiz
Score 0/12 Timer 02:00
9 Plays Today
% Correct
Weedle
95.9%
Caterpie
95%
Butterfree
93.8%
Beedrill
92.6%
Metapod
92.4%
Kakuna
91.3%
Venonat
71.7%
Venomoth
71.5%
Scyther
68.1%
Paras
65.4%
Parasect
64.3%
Pinsir
63%
Remove Ads.
Support Sporcle.
Get the best of Sporcle when you Go Orange. This ad-free experience offers more features, more stats, and more fun while also helping to support Sporcle. Thank you for becoming a member.

You're not logged in!

Compare scores with friends on all Sporcle quizzes.
OR
Log In

Show Comments

Extras

Top Quizzes Today


Score Distribution

Your Account Isn't Verified!

In order to create a playlist on Sporcle, you need to verify the email address you used during registration. Go to your Sporcle Settings to finish the process.

Report this User

Report this user for behavior that violates our Community Guidelines.

Details: